000 00289nam a22001097a 4500
008 211101b ||||| |||| 00| 0 eng d
050 _a370
_b1
245 _aPedagogical Leadership:A Handbook For Leading Learning In Schools
260 _aDelhi
_bCBSE
_c2020
300 _a1
942 _2ddc
_cBK
999 _c11887
_d11887